01423cam a2200361 a 4500999001700000001000900017005001700026008004100043010001700084020003900101020003600140020004500176020004200221035002400263040004600287042001400333050002300347100001900370245016200389246002900551250001200580260005700592300003400649504006600683650001800749650001600767700002500783700003300808700002000841906004500861942003300906952012200939 c30037d300371663545620190128152814.0110203s2012 caua b 001 0 eng d a 2011922246 a9780840034564 (pbk. : student ed.) a0840034563 (pbk. : student ed.) a9780840034571 (pbk. : international ed.) a0840034571 (pbk. : international ed.) a(OCoLC)ocn742085170 aSINPLbengcSINPLdOCLCQdYDXCPdY8NdDLC alccopycat00aBF637.I5bE43 20121 aIvey, Allen E.10aEssentials of intentional interviewing :bcounseling in a multicultural world /cAllen E. Ivey, Mary Bradford Ivey, Carlos P. Zalaquett ; with Kathryn Quirk.30aIntentional interviewing a2nd ed. aBelmont, CA :bBrooks/Cole Cengage Learning,cc2012. axvi, 382 p. :bill. ;c25 cm. aIncludes bibliographical references (p. 365-368) and indexes. 0aInterviewing. 0aCounseling.1 aIvey, Mary Bradford.1 aZalaquett, Carlos P.,d1952-1 aQuirk, Kathryn. a7bcbcccopycatd2encipf20gy-gencatlg 2lcccBOOKShBF637.I5E43 2012 00102lcc4070aMUCbMUCcGENd2019-01-28eDonation (EYS)l0oBF637.I5E43 2012p38401r2019-06-11w2019-01-28yBOOKS